|
|
|
|
| LEADER |
00000nam0a2200000 4500 |
| 001 |
150684 |
| 005 |
20231101221513.0 |
| 010 |
|
|
|a 9785947748307
|
| 035 |
|
|
|a (RuTPU)RU\TPU\book\163364
|
| 090 |
|
|
|a 150684
|
| 100 |
|
|
|a 20090113d2008 m y0rusy50 ca
|
| 101 |
0 |
|
|a rus
|
| 102 |
|
|
|a RU
|
| 105 |
|
|
|a y j 001zy
|
| 200 |
1 |
|
|a Линейная алгебра и аналитическая геометрия. Задачи и решения
|e учебное пособие
|f Г. И. Просветов
|
| 210 |
|
|
|a Москва
|c БИНОМ. Лаборатория знаний
|d 2008
|
| 215 |
|
|
|a 192 с.
|
| 225 |
1 |
|
|a Математика
|
| 320 |
|
|
|a Библиогр.: с. 192.
|
| 330 |
|
|
|a В учебном пособии изложены основные понятия линейной алгебры и аналитической геометрии. Изложение иллюстрируется большим количеством примеров и сопровождается задачами. Ко всем задачам в конце пособия приведены ответы. Кроме того, в конце книги содержатся задания по всему курсу и программа курса «Линейная алгебра и аналитическая геометрия». Для студентов и преподавателей высших учебных заведений.
|
| 606 |
1 |
|
|a Линейная алгебра
|2 stltpush
|3 (RuTPU)RU\TPU\subj\40174
|9 60039
|
| 606 |
1 |
|
|a Аналитическая геометрия
|2 stltpush
|3 (RuTPU)RU\TPU\subj\28991
|9 52410
|
| 610 |
1 |
|
|a учебные пособия
|
| 610 |
1 |
|
|a задачи
|
| 610 |
1 |
|
|a решения
|
| 610 |
1 |
|
|a матрицы
|
| 610 |
1 |
|
|a определители
|
| 610 |
1 |
|
|a системы линейных уравнений
|
| 610 |
1 |
|
|a векторы
|
| 610 |
1 |
|
|a полярные координаты
|
| 610 |
1 |
|
|a комплексные числа
|
| 610 |
1 |
|
|a плоскости
|
| 610 |
1 |
|
|a прямые
|
| 610 |
1 |
|
|a кривые
|
| 610 |
1 |
|
|a поверхности
|
| 610 |
1 |
|
|a линейные пространства
|
| 610 |
1 |
|
|a линейные операторы
|
| 610 |
1 |
|
|a многочлены
|
| 610 |
1 |
|
|a функции
|
| 610 |
1 |
|
|a многочлены
|
| 675 |
|
|
|a 512.64(076)
|v 3
|
| 675 |
|
|
|a 514.12(076)
|v 3
|
| 700 |
|
1 |
|a Просветов
|b Г. И.
|g Георгий Иванович
|
| 801 |
|
1 |
|a RU
|b 63413507
|c 20090113
|g PSBO
|
| 801 |
|
2 |
|a RU
|b 63413507
|c 20201113
|g PSBO
|
| 900 |
|
|
|a Линейная алгебра и аналитическая геометрия
|
| 942 |
|
|
|c BK
|
| 959 |
|
|
|a 4/20090113
|d 3
|e 0
|f АНЛ:1
|f ЧЗТЛ:2
|